| 000 | 00619nam a22001457a 4500 | ||
|---|---|---|---|
| 082 |
_a894.812.3 _bRAM/F |
||
| 100 | _aRAMAKRISHNAN, T D | ||
| 245 | _aFRANCIS ITTIKKORA | ||
| 246 |
_aFRANCIS ITTIKKORA _bFRANCIS ITTIKKORA |
||
| 260 |
_aKOTTAYAM,INDIA _bD C _c2024 |
||
| 300 | _a384 | ||
| 520 | _aFrancis Itty Cora, A 15-th century pepper merchant from Kerala, is a larger-than-life figure-founder of a mysterious secret cult, a key figure in Italian Renaissance, responsible for setting up secret Hypatian Schools of Mathematics, a man of legendary sexual powers, and much more. | ||
| 650 | _aMALAYALAM NOVEL | ||
| 942 | _cBK | ||
| 999 |
_c8569 _d8569 |
||